<?xml version="1.0" encoding="UTF-8"?>
<record
    xmlns:xsi="http://www.w3.org/2001/XMLSchema-instance"
    xsi:schemaLocation="http://www.loc.gov/MARC21/slim http://www.loc.gov/standards/marcxml/schema/MARC21slim.xsd"
    xmlns="http://www.loc.gov/MARC21/slim">

  <leader>00523nam a22001451  4500</leader>
  <controlfield tag="001">c  98000359 </controlfield>
  <controlfield tag="003">DLC</controlfield>
  <controlfield tag="005">20260227111040.0</controlfield>
  <controlfield tag="008">801210s1898    pauaf         00000 eng  </controlfield>
  <datafield tag="010" ind1=" " ind2=" ">
    <subfield code="a">c  98000359 </subfield>
  </datafield>
  <datafield tag="100" ind1="1" ind2="0">
    <subfield code="a">Minter, Luther.</subfield>
  </datafield>
  <datafield tag="245" ind1="0" ind2="4">
    <subfield code="a">The compendium of every-day wants;</subfield>
    <subfield code="b">or, Practical information for the millions; being four books in one volume ...</subfield>
    <subfield code="c">With an introduction by H. A. Davis ...</subfield>
  </datafield>
  <datafield tag="260" ind1="0" ind2=" ">
    <subfield code="a">Harrisburg, Pa.,</subfield>
    <subfield code="b">The Minter co.</subfield>
    <subfield code="c">[1898]</subfield>
  </datafield>
  <datafield tag="300" ind1=" " ind2=" ">
    <subfield code="a">xx, 5-608, xxiv p.</subfield>
    <subfield code="b">illus., pl.</subfield>
    <subfield code="c">8&#x2070;.</subfield>
  </datafield>
  <datafield tag="999" ind1=" " ind2=" ">
    <subfield code="c">13277</subfield>
    <subfield code="d">13277</subfield>
  </datafield>
</record>
